000 00649nam a2200193Ia 4500
999 _c10751
_d10751
082 _aTS.1064
100 _aSingh, Pankaj
245 0 _aAntecedents and consequences of job burnout among Indian software developers
260 _aKharagpur
_bIndian Institute of Technology, Kharagpur
_c2010
300 _av,100
504 _aincludes appendix and bibliography
650 _aComputer Software
_vDevelopment
_zIndia
650 _aSoftware Engineering
_zIndia
650 _aSocial Network
650 _aSoftware Consultant
_vJob Satisfaction
_zIndia
650 _aSoftware Consultant
_vJob Stress
_zIndia
710 _aSuar, Damodar
942 _cTH
_2ddc